00678nam a2200181Ia 4500003000900000008004100009040001600050080001700066100002700083245017000110260003600280300001100316650004100327650001600368942000700384999001300391952009200404IN-BaIIA211028s9999 xx 000 0 eng d cIIA Library a52(083)bDOW aDowning, A. M. W.9906 0aPrecession tables adapted to newcomb's value of the precessional constant and reduced to the epoch 1910.0cA. M. W. Downing  aEdinburghbHell & Companyc1899 aiv,81p aAstronomy and Astrophysics Thesaurus aTables9907 cBK c399d399 00104070aBANbKODcGENd0000-00-00l0o52(083)/ DOWp393r2021-11-05w0000-00-00yBK